00297nam a2200109 a 4500008004100000050002100041100002600062245002400088260004300112300002300155350000900178120416s1974 ||||||||||||||||| || u aDT 448.25.N9 Smi aSmith, William Edgett10aNyerere of Tanzania aNairobibTrans Africa Publishersc1974 aviii, 207p. : ill. a0.00